Multinational business finance (Record no. 3584)

MARC details
000 -LEADER
fixed length control field 01597nam a2200217 4500
020 ## - INTERNATIONAL STANDARD BOOK NUMBER
ISBN 9780321449566
050 ## - CALL NUMBER
Classification number HG4027.5
Item number .E36
100 ## - AUTHOR
Personal name David K Eiteman
245 ## - TITLE
Title Multinational business finance
Statement of responsibility, etc David K. Eiteman, Arthur I. Stonehill, Michael H. Moffett.
250 ## - EDITION
Edition statement 11th ed
260 ## - PUBLICATION INFORMATION
Place of publication Boston, MA :
Name of publisher Pearson/Addison-Wesley
Year of publication , ©2007.
300 ## - DESCRIPTION
Number of Pages xxi, 746, 72 pages :
Other physical details illustrations, maps ;
Dimensions 24 cm.
440 ## - SERIES
SERIES Addison-Wesley series in finance.
505 ## - FORMATTED CONTENTS NOTE
Table of Content Comparative Corporate Governance and Financial Goals --<br/>The International Monetary System --<br/>The Balance of Payments --<br/>International Parity Conditions --<br/>Foreign Exchange Rate Determination and Forecasting --<br/>The Foreign Exchange Market --<br/>Foreign Currency Derivatives --<br/>Transaction Exposure --<br/>Operating Exposure --<br/>Translation Exposure --<br/>Global Cost and Availability of Capital --<br/>Sourcing Equity Globally --<br/>Financial Structure and International Debt --<br/>Interest Rate and Currency Swaps --<br/>International Portfolio Theory and Diversification --<br/>Foreign Direct Investment Theory and Strategy --<br/>Political Risk Assessment and Management --<br/>Multinational Capital Budgeting --<br/>Cross-Border Mergers, Acquisitions, and Valuation --<br/>International Trade Finance --<br/>Multinational Tax Management --<br/>Working Capital Management.
650 ## - SUBJECTS
Topical Term International business enterprises --
General subdivision Finance.
650 ## - SUBJECTS
Topical Term Entreprises multinationales --
General subdivision Finances.
650 ## - SUBJECTS
Topical Term Financieel management.
700 ## - OTHER AUTHORS
Personal name Arthur I Stonehill;
710 ## - OTHER AUTHORS
OTHER AUTHORS Michael H Moffett
942 ## - ADDED ENTRY ELEMENTS (KOHA)
Koha item type Books
Holdings
Withdrawn status Lost status Collection code Home library Current library Shelving location Date acquired Full call number Accession Number Koha item type
    Reference Methodist University Library Main Methodist University Library Main General Stacks 21/03/2007 HG4027.5 .E36 18068 Books
    Reference Methodist University Library Main Methodist University Library Main General Stacks 21/03/2007 HG4027.5 .E36 18066 Books
    Reference Methodist University Library Main Methodist University Library Main General Stacks 21/03/2007 HG4027.5 .E36 18067 Books
Copyright © 2026  MUG Library